Social (revista). (Record no. 7917)

MARC details
000 -CABECERA
campo de control de longitud fija 00675nam a2200241 a 4500
001 - NÚMERO DE CONTROL
campo de control BRCA_8249
005 - FECHA Y HORA DE LA ÚLTIMA TRANSACCIÓN
campo de control 20190320210209.0
008 - DATOS DE LONGITUD FIJA--INFORMACIÓN GENERAL
campo de control de longitud fija 280514s1956----mx-a###g##---#001-0#spa-#
041 ## - CÓDIGO DE LENGUA
Código de lengua del texto/banda sonora o título independiente spa
044 ## - CÓDIGO DEL PAÍS DE LA ENTIDAD EDITORA/PRODUCTORA
Código MARC del país sp
050 #4 - SIGNATURA TOPOGRÁFICA DE LA BIBLIOTECA DEL CONGRESO
Número de clasificación AP260
Número de documento/Ítem .S6 1956
245 10 - MENCIÓN DE TÍTULO
Título Social (revista).
260 ## - PUBLICACIÓN, DISTRIBUCIÓN, ETC.
Lugar de publicación, distribución, etc. México
Nombre del editor, distribuidor, etc. Mercurio
Fecha de publicación, distribución, etc. 1956
300 ## - DESCRIPCIÓN FÍSICA
Extensión 130 p.
Otras características físicas il.
Dimensiones 29 cm.
440 #0 - MENCIÓN DE SERIE/PUNTO DE ACCESO ADICIONAL--TÍTULO
Título Social
Número de parte o sección de la obra Tomo XX
Nombre de parte o sección de la obra Núm. 239
9 (RLIN) 20582
500 ## - NOTA GENERAL
Nota general Revista de sociales
500 ## - NOTA GENERAL
Nota general Publicación periódica inventariada por el Banco de México como libro
500 ## - NOTA GENERAL
Nota general T89
650 14 - PUNTO DE ACCESO ADICIONAL DE MATERIA--TÉRMINO DE MATERIA
Término de materia o nombre geográfico como elemento de entrada Sociedad
Subdivisión de forma Eventos
9 (RLIN) 20583
650 14 - PUNTO DE ACCESO ADICIONAL DE MATERIA--TÉRMINO DE MATERIA
Término de materia o nombre geográfico como elemento de entrada Sociedad
Subdivisión de forma Publicaciones periódicas
9 (RLIN) 20584
902 ## - CATALOGADOR
Iniciales GFM
942 ## - ELEMENTOS DE PUNTO DE ACCESO ADICIONAL (KOHA)
Fuente del sistema de clasificación o colocación Library of Congress Classification
Tipo de ítem Koha Libros
Holdings
Estado de retiro Estado de pérdida Estado dañado No para préstamo Localización permanente Ubicación/localización actual Fecha de adquisición Número de inventario Total de préstamos Signatura topográfica completa Código de barras Fecha visto por última vez Precio válido a partir de Tipo de ítem Koha
El ejemplar forma parte de la colección y puede ser consultado según las políticas vigentes.       Biblioteca del Museo Franz Mayer (Rogerio Casas-Alatriste) Biblioteca del Museo Franz Mayer (Rogerio Casas-Alatriste) 28/05/2014 T89   AP260 .S6 1956 (T89) 8873 22/03/2019 22/03/2019 Libros